000 00841nam a2200253 a 4500
001 24321
003 CO-ViMGA
008 141112s2004 ck r 000 u spa d
020 _a9789584523570
040 _aCO-ViMGA
_bspa
_cCO-ViMGA
082 0 4 _a158.24 A238p
100 1 _aAcevedo, Annie de
_923171
245 1 0 _aPadres que aman demasiado :
_bCómo convertirse en un buen padre y aprender a querer de manera constructiva /
_cAnnie de Acevedo [et al.]
260 _aColombia :
_bGrupo Editorial Norma,
_c2009
300 _a200 p.; 21 cm.
650 1 4 _aComunicación en la familia
_935553
650 1 4 _aCrianza de niños
_919664
650 1 4 _aPadres e hijos
650 1 4 _aPaternidad (psicologia)
_935554
650 1 4 _aRelaciones familiares
700 1 _aErwin, Cheryl
_935555
700 1 _aNelsen, Jane
_935556
942 _2ddc
_cBK
999 _c32310
_d32310